It looks like you're offline.
Open Library logo
additional options menu

MARC Record from Scriblio

Record ID marc_records_scriblio_net/part09.dat:189202050:596
Source Scriblio
Download Link /show-records/marc_records_scriblio_net/part09.dat:189202050:596?format=raw

LEADER: 00596nam 2200205 i 4500
001 76622643
003 DLC
005 19761029000000.0
008 761026s1976 mnua s00000 eng
010 $a 76622643
043 $an-us-mn
050 0 $aHV9305.M6$bM57 1976
082 $a353.9/776/0084
110 10 $aMinnesota.$bDept. of Corrections.
245 00 $aMinnesota Department of Corrections, 1975.
260 0 $a[St. Paul] :$bThe Department,$c[1976?]
300 $a39 p. :$bill ;$c22 x 28 cm.
500 $aCover title.
610 10 $aMinnesota.$bDept. of Corrections.
650 0 $aCorrections$zMinnesota.